000 00300nam a2200133Ia 4500
082 _a611
_bE04G
100 _aGORDEN, CHEEN PARKER
245 _aTHE ENCYCLOPEDIA ATLAS OF THE HUMAN BODY
250 _a1ST
260 _bCBS
_aDELHI
_c2004
300 _a1-526
650 _aHUMAN ANATOMY
942 _2ddc
_cBK
999 _c590
_d590